Fractional dimensions and bounded fractional forms

Saved in:
Bibliographic Details
Main Author: Blei, R. C. (Ron C.)
Format: Book
Language:English
Published: Providence, R.I. : American Mathematical Society, 1985
Series:Memoirs of the American Mathematical Society ; ; 331
Subjects:
Tags: Add Tag
No Tags, Be the first to tag this record!

MARC

LEADER 00000cam a2200000 i 4500
001 1/50326
008 941103s1985 eng d
020 |a 0821823329 
035 |l 10043849 
035 |a 1994 
040 |a GR-MY-UA  |b gre  |e aacr 
041 0 |a eng 
082 0 |a 515.8  |2 (19) 
100 1 |a Blei, R. C.  |q (Ron C.) 
245 1 0 |a Fractional dimensions and bounded fractional forms /  |c Ron C. Blei 
260 |a Providence, R.I. :   |b American Mathematical Society,   |c 1985 
300 |a iv, 70 p.;  |c 26 cm 
490 1 |a Memoirs of the American Mathematical Society  |v ; 331 
504 |a Bibliography: p. 69-70 
650 0 0 |a Functions of real variables. 
650 0 0 |a Inequalities (Mathematics) 
650 0 0 |a Measure theory. 
650 0 0 |a Combinatorial analysis. 
830 0 |a Memoirs of the American Mathematical Society ;  |v ; 331 
852 |a INST  |b SAMOS  |e 19941103  |h 515.8 BLE  |p 005300010230  |q 005300010230  |t BK  |y 0 
909 |a Σ  |b 033712